Para que escampe

में बचाया:
ग्रंथसूची विवरण
मुख्य लेखक: Rojas Molina, Josefa Isabel
स्वरूप: पुस्तक
भाषा:Undetermined
प्रकाशित: México, Distrito Federal Departamento de Humanidades, Universidad de Sonora 1991
विषय:
टैग: टैग जोड़ें
कोई टैग नहीं, इस रिकॉर्ड को टैग करने वाले पहले व्यक्ति बनें!

MARC

LEADER 00000nam a2200000Ia 4500
008 170316s9999 xx 000 0 und d
040 |a cru BVZT 
090 |a 860 R-23p 
100 |a Rojas Molina, Josefa Isabel 
245 |a Para que escampe 
260 |a México, Distrito Federal 
260 |b Departamento de Humanidades, Universidad de Sonora 
260 |c 1991 
300 |a 87 páginas 
650 |a LITERATURA LATINOAMERICANA 
999 |c 9150  |d 9150 
942 |c 15 D  |h 860 R-23p  |2 z